<?xml version="1.0" encoding="UTF-8"?>
<collection xmlns="http://www.loc.gov/MARC21/slim">
  <record>
    <leader>00000nam  2200000   4500</leader>
    <controlfield tag="001">INLIS000000000062906</controlfield>
    <controlfield tag="005">20231004020840</controlfield>
    <datafield tag="035" ind1="#" ind2="#">
      <subfield code="a">0010-1023000023</subfield>
    </datafield>
    <controlfield tag="007">ta</controlfield>
    <controlfield tag="008">231004###########################0######</controlfield>
    <datafield tag="020" ind1="#" ind2="#">
      <subfield code="a">979-96652-0-11</subfield>
    </datafield>
    <datafield tag="082" ind1="#" ind2="#">
      <subfield code="a">926</subfield>
    </datafield>
    <datafield tag="084" ind1="#" ind2="#">
      <subfield code="a">926 RIY p</subfield>
    </datafield>
    <datafield tag="100" ind1=" " ind2="#">
      <subfield code="a">Riyanto Rabbah</subfield>
    </datafield>
    <datafield tag="245" ind1="1" ind2="#">
      <subfield code="a">Penemu Teknologi Terapan 2002 :</subfield>
      <subfield code="b">Ikhtiar Putra-Putri Nusa Tenggara Barat /</subfield>
      <subfield code="c">Riyanto Rabbah</subfield>
    </datafield>
    <datafield tag="250" ind1="#" ind2="#">
      <subfield code="a">1</subfield>
    </datafield>
    <datafield tag="260" ind1="#" ind2="#">
      <subfield code="a">Mataram :</subfield>
      <subfield code="b">BAPPEDA Provinsi NTB,</subfield>
      <subfield code="c">2002</subfield>
    </datafield>
    <datafield tag="300" ind1="#" ind2="#">
      <subfield code="a">ix, 101 halaman :</subfield>
      <subfield code="b">ilus ;</subfield>
      <subfield code="c">21 cm</subfield>
      <subfield code="e">Lain-lain</subfield>
    </datafield>
    <datafield tag="650" ind1="#" ind2="4">
      <subfield code="a">Biografi orang-orang dalam bidang Teknologi</subfield>
    </datafield>
    <datafield tag="990" ind1="#" ind2="#">
      <subfield code="a">11531153</subfield>
    </datafield>
    <datafield tag="990" ind1="#" ind2="#">
      <subfield code="a">01/32/2003</subfield>
    </datafield>
  </record>
</collection>
